00799nam a2200217 a 4500999001500000001000600015003000900021005001700030008004100047040003800088082002400126245008600150260007200236300002200308505001200330546002500342650002100367710005400388942001200442952012700454 c1417d141710992BD-DhUAP20210120152917.0200206s2007 bg l f001 0 eng d aBD-DhUAPcBD-DhUAPdBD-DhUAPbEng00a348.5492022 BAN22314aThe Bangladesh code :bbengal act No. IV of 1942 to E. B. act No. XXVIII of 1991. aDhaka :bMinistry of Law, Justice and Parliamentary Affairs,c2007. avolumes ;c24 cm. aV. 10-- aEnglish and Bengali. 0aLawzBangladesh. aGovernment of the peoples republic of Bangladesh. 2ddccBK 00102ddc4070aUAPCLbUAPCLcGeneral Stacksd2020-02-06o348.5492022 BAN V-10p3010010992r2020-02-06t1w2020-02-06yBK